Forensic psychiatry in Islamic jurisprudence / (Record no. 2574)
[ view plain ]
| 000 -LEADER | |
|---|---|
| fixed length control field | nam a22 a 4500 |
| 003 - CONTROL NUMBER IDENTIFIER | |
| control field | AKMAL |
| 005 - DATE AND TIME OF LATEST TRANSACTION | |
| control field | 20170517113328.0 |
| 008 - FIXED-LENGTH DATA ELEMENTS--GENERAL INFORMATION | |
| fixed length control field | 170517s2004 my | e l 001 0 eng d |
| 020 ## - INTERNATIONAL STANDARD BOOK NUMBER | |
| International Standard Book Number | 9839541404 (pbk.) : |
| Terms of availability | RM35.00 |
| 039 #9 - LEVEL OF BIBLIOGRAPHIC CONTROL AND CODING DETAIL [OBSOLETE] | |
| Level of rules in bibliographic description | 200903051530 |
| Level of effort used to assign nonsubject heading access points | suzilawati |
| Level of effort used to assign subject headings | 200812301201 |
| Level of effort used to assign classification | nurulnaida |
| Level of effort used to assign subject headings | 200812261542 |
| Level of effort used to assign classification | azril |
| Level of effort used to assign subject headings | 200812051121 |
| Level of effort used to assign classification | ramunai |
| 040 ## - CATALOGING SOURCE | |
| Original cataloging agency | AKMAL |
| 082 04 - DEWEY DECIMAL CLASSIFICATION NUMBER | |
| Classification number | 614.15 CHA |
| Edition number | 22 |
| 090 00 - LOCALLY ASSIGNED LC-TYPE CALL NUMBER (OCLC); LOCAL CALL NUMBER (RLIN) | |
| Classification number (OCLC) (R) ; Classification number, CALL (RLIN) (NR) | 614.15 |
| Local cutter number (OCLC) ; Book number/undivided call number, CALL (RLIN) | CHA |
| 100 1# - MAIN ENTRY--PERSONAL NAME | |
| Personal name | Chaleby, Kutaiba S. |
| 9 (RLIN) | 5371 |
| 245 10 - TITLE STATEMENT | |
| Title | Forensic psychiatry in Islamic jurisprudence / |
| Statement of responsibility, etc. | Kutaiba S. Chaleby |
| 260 ## - PUBLICATION, DISTRIBUTION, ETC. | |
| Place of publication, distribution, etc. | Petaling Jaya : |
| Name of publisher, distributor, etc. | The Other Press, |
| Date of publication, distribution, etc. | 2004 |
| 300 ## - PHYSICAL DESCRIPTION | |
| Extent | xxix, 189p. ; |
| Dimensions | 23cm. |
| 500 ## - GENERAL NOTE | |
| General note | Includes index |
| 504 ## - BIBLIOGRAPHY, ETC. NOTE | |
| Bibliography, etc. note | Bibliography: p. 170-178 |
| 650 10 - SUBJECT ADDED ENTRY--TOPICAL TERM | |
| Topical term or geographic name entry element | Criminal psychology |
| 9 (RLIN) | 4552 |
| 650 10 - SUBJECT ADDED ENTRY--TOPICAL TERM | |
| Topical term or geographic name entry element | Forensic psychiatry |
| General subdivision | Religious aspects |
| -- | Islam |
| 9 (RLIN) | 5372 |
| 942 ## - ADDED ENTRY ELEMENTS (KOHA) | |
| Source of classification or shelving scheme | |
| Koha item type | Book |
| Withdrawn status | Lost status | Source of classification or shelving scheme | Damaged status | Not for loan | Collection code | Home library | Current library | Shelving location | Date acquired | Inventory number | Total Checkouts | Full call number | Barcode | Date last seen | Price effective from | Koha item type |
|---|---|---|---|---|---|---|---|---|---|---|---|---|---|---|---|---|
| NON-FICTION | AKMAL Melaka | AKMAL Melaka | PINJAMAN | 17.05.2017 | 602649 | 614.15 CHA | 201703354 | 17.05.2017 | 17.05.2017 | Book |
